000 00883nam a22002177a 4500
005 20250620114443.0
010 _aB-766352-374 BACEN25 ENG-145437
020 _a9789355019769
_c299.00
035 _aB-766352-374
035 _aEN-128969
037 _bS. Chand
082 _a511.326
100 _aGoyal, S. K.
_982177
245 _aGraphs & Functions for JEE Main & Advanced/
_cBy S.K. Goyal
250 _a1
260 _aNew Delhi
_bS Chand and Company Limited
_c2024
270 _a A-27, 2nd Floor, Mohan Co-operative Industrial Estate
_bNew Delhi
_e110044
_minfo@schandpublishing.com
_k011-49731800
300 _a222p.
_c26cm(pb)
942 _2ddc
_cEN
_h511.326
_mGOY
999 _c208766
_d208766